• 首页
  • 本馆介绍
  • 公告通知
  • 最新文献
  • 馆藏检索
  • 电子资源
  • 读者导购
  • 参考咨询
  • 我的图书馆
  • 登录
  • 详细信息显示
  • 放入我的书架
  • 预约/预借图书
  • 作者相关作品
  • 分类相关作品
  • 丛书相关作品
  • 出版社相关作品

书目信息

  • 表格格式
  • 工作单格式
  • 卡片格式
题名:
电脑五笔打字
    
 
作者: 柏松 主编
分册:  
出版信息: 北京   航空工业出版社  2010.03
页数: 208页
开本: 26cm
丛书名: 无师自通学电脑系列
单 册:
中图分类: TP391.14
科图分类:
主题词: 计算机应用
电子资源:
ISBN: 978-7-80243-421-9
000 00617nam0 2200217 450
001 1134348552
005 20110331093613.78
010    @a978-7-80243-421-9@dCNY29.80
100    @a20110331d2010 km y0chiy0120 ea
101 0  @achi
102    @aCN@b110000
200 1  @a电脑五笔打字@Adian nao wu bi da zi@f柏松主编@Fbai song zhu bian
210    @a北京@c航空工业出版社@d2010.03
215    @a208页@d26cm
225 2  @a无师自通学电脑系列
410  0 @12001 @a无师自通学电脑系列
606 0  @a计算机应用
690    @aTP391.14@v5
701  0 @a柏松@Abai song@4主编
801  0 @aCN@bNISOFT@c20110331
905    @aBZT@dTP391.14@e18
    
    电脑五笔打字/柏松主编.-北京:航空工业出版社,2010.03
    208页;26cm.-(无师自通学电脑系列)
    
    
    ISBN 978-7-80243-421-9:CNY29.80
    
●
相关链接 在五车中查询图书 在当当中查询图书 在豆瓣中查询图书


正题名:电脑五笔打字     索取号:TP391.14/18         预约/预借

序号 登录号 条形码 馆藏地/架位号 状态 备注
1 752543   2000752543   样本书库/样005架A面5层3列/ [索取号:TP391.14/18] 在馆    
2 752544   2000752544   中心书库中库/ 中库027架A面9列1层51/ [索取号:TP391.14/18] 在馆    
3 752545   2000752545   中心书库中库/ 中库027架A面9列1层50/ [索取号:TP391.14/18] 在馆    
4 752546   2000752546   中心书库中库/ 中库027架A面9列1层49/ [索取号:TP391.14/18] 在馆    
5 752547   2000752547   中心书库中库/ 中库027架A面9列1层53/ [索取号:TP391.14/18] 在馆    
6 752548   2000752548   中心书库中库/ 中库027架A面9列1层52/ [索取号:TP391.14/18] 在馆    
山东省滨州职业学院图书馆 欢迎您!
大连网信软件有限公司© 版权所有